00646nam a22001817a 4500003000400000005001700004008004100021040000900062082002000071100002500091245009700116260004600213300001000259650004400269942000900313952012300322999001900445OSt20220401084503.0220401b |||||||| |||| 00| 0 eng d cSBCL a547.072 bWEI-T aWeissberger, Arnold  aTechniques of Organic Chemistry Vol IIbCatalytic, Photochemical And Electrolytic Reactions  aNew York bInterscience Publishers c1956 a543p. 2Science aChemistry vOrganic Chemistry cBOOK 00102ddc4070aSBCLbSBCLd2022-04-01l1o547.072 WEI-Tp00026006r2022-07-15 00:00:00s2022-06-24w2022-04-01yBOOK c134280d134280